Bar Code Minefield Quiz Stats

 Plays Quiz Updated Dec 27, 2018

Support Sporcle.
Go Orange.
Score 0/49 Timer 08:00
0 Plays Today
% Correct
???
27.8%
???
27.1%
???
26.9%
???
26.7%
???
26.6%
???
26.1%
???
25.8%
???
25.7%
???
25.6%
???
25.6%
???
25.5%
???
25.5%
???
25.3%
???
24.9%
???
24.8%
???
24.2%
???
23.9%
???
23.9%
???
23.9%
???
23.8%
???
23.8%
???
23.8%
???
23.8%
???
23.8%
???
23.7%
% Correct
???
23.7%
???
23.7%
???
23.7%
???
23.6%
???
23.5%
???
23.3%
???
23.2%
???
23%
???
22.9%
???
22.8%
???
22.7%
???
22.6%
???
22.5%
???
22.5%
???
22.4%
???
22.3%
???
22.2%
???
22.1%
???
21.9%
???
21.8%
???
21.8%
???
21.6%
???
21.3%
???
21.3%

From the Vault

Political Photos from the 1980s

by megascarp

History 4m
The '80s were back when Molly Ringwald basically ruled the world.
Remove Ads.
Support Sporcle.
Get the best of Sporcle when you Go Orange. This ad-free experience offers more features, more stats, and more fun while also helping to support Sporcle. Thank you for becoming a member.

Show Comments

Extras

Top Quizzes Today


Score Distribution

Your Account Isn't Verified!

In order to create a playlist on Sporcle, you need to verify the email address you used during registration. Go to your Sporcle Settings to finish the process.

Report this User

Report this user for behavior that violates our Community Guidelines.

Details: